[Event "TCh-TUR Super League 2015"]
[Site "Kocaeli TUR"]
[Date "2015.08.12"]
[Round "10.2"]
[Board "5"]
[White "Ozturk, Kubra"]
[Black "Kaplan, Ebru"]
[Result "1/2-1/2"]
[WhiteTitle "WGM"]
[WhiteElo "2240"]
[BlackElo "1902"]
[WhiteTeam "Besiktas Jimnastik Kulubu"]
[BlackTeam "Tarsus Zeka Satranc Kulubu"]
[WhiteFideId "6302599"]
[BlackFideId "6315194"]
[EventDate "2015.08.04"]

1. d4 d5 2. c4 c6 3. e3 Nf6 4. Nc3 g6 5. Nf3 Bg7 6. Be2 O-O 7. O-O a6 8. b3 c5
9. Bb2 cxd4 10. exd4 dxc4 11. bxc4 Qc7 12. Qb3 Nc6 13. Rac1 Bg4 14. Nd5 Qd8 15.
Nxf6+ Bxf6 16. d5 Bxf3 17. Bxf3 Nd4 18. Bxd4 Bxd4 19. Qxb7 Qd6 20. Qc6 Bc5 21.
Rb1 Rab8 22. g3 Rfc8 23. Qa4 Rb6 24. Rxb6 Qxb6 25. Kg2 Rb8 1/2-1/2

[Event "TCh-TUR Super League 2015"]
[Site "Kocaeli TUR"]
[Date "2015.08.12"]
[Round "10.2"]
[Board "6"]
[White "Komut, Burak"]
[Black "Arat, Ufuk Sezen"]
[Result "0-1"]
[BlackTitle "FM"]
[WhiteElo "2007"]
[BlackElo "2409"]
[WhiteTeam "Tarsus Zeka Satranc Kulubu"]
[BlackTeam "Besiktas Jimnastik Kulubu"]
[WhiteFideId "6309984"]
[BlackFideId "6309089"]
[EventDate "2015.08.04"]

1. Nf3 Nf6 2. g3 g6 3. Bg2 Bg7 4. O-O c5 5. d3 O-O 6. e4 d6 7. Nbd2 Nc6 8. h4
Bg4 9. c3 Qc8 10. Qe1 Rb8 11. Nh2 Bh3 12. f4 Bxg2 13. Kxg2 b5 14. Ndf3 a5 15.
Be3 c4 16. e5 Nd5 17. d4 Qf5 18. Bd2 b4 19. g4 Qd3 20. Kg3 bxc3 21. Bxc3 Ne3 22.
Rf2 Nc2 23. Rxc2 Qxc2 24. Rc1 Qa4 25. g5 Nb4 26. Qe4 d5 27. Qe3 Qd7 28. Ng4 Nxa2
29. Rh1 Nxc3 30. bxc3 0-1

[Event "TCh-TUR Super League 2015"]
[Site "Kocaeli TUR"]
[Date "2015.08.12"]
[Round "10.2"]
[Board "7"]
[White "Gokerkan, Cem Kaan"]
[Black "Sevgi, Volkan"]
[Result "1-0"]
[BlackTitle "FM"]
[WhiteElo "2205"]
[BlackElo "2263"]
[WhiteTeam "Besiktas Jimnastik Kulubu"]
[BlackTeam "Tarsus Zeka Satranc Kulubu"]
[WhiteFideId "6336760"]
[BlackFideId "6325335"]
[EventDate "2015.08.04"]

1. e4 d5 2. exd5 Qxd5 3. Nc3 Qd6 4. d4 Nf6 5. Nf3 a6 6. g3 Bg4 7. h3 Bh5 8. Bg2
Nc6 9. O-O O-O-O 10. Be3 e5 11. dxe5 Nxe5 12. g4 Bg6 13. Nxe5 Qxe5 14. Qf3 c6
15. Bf4 Qa5 16. a3 Bd6 17. b4 Qc7 18. Bxd6 Rxd6 19. a4 Rd4 20. b5 h5 21. g5 Ne4
22. bxa6 bxa6 23. Nxe4 Bxe4 24. Qe3 Bxg2 25. Qxd4 Bxf1 26. Rxf1 Qd8 27. Qc4
Qxg5+ 28. Kh2 Qa5 29. Rg1 Qc7+ 30. Kh1 g6 31. Rb1 Qd6 32. Qxa6+ Kd7 33. Qb7+ Ke6
34. Re1+ Kf5 35. Qxf7+ Kg5 36. Re6 Qd5+ 37. Kh2 Qf5 38. h4+ Kxh4 39. Qe7+ Kg4
40. Re4+ Kf3 41. Re3+ Kf4 42. Rf3+ 1-0

[Event "TCh-TUR Super League 2015"]
[Site "Kocaeli TUR"]
[Date "2015.08.12"]
[Round "10.2"]
[Board "8"]
[White "Okuyaz, Duru"]
[Black "Arda, Cagil Irmak"]
[Result "1-0"]
[WhiteTitle "WCM"]
[BlackTitle "WCM"]
[WhiteElo "1919"]
[BlackElo "1915"]
[WhiteTeam "Tarsus Zeka Satranc Kulubu"]
[BlackTeam "Besiktas Jimnastik Kulubu"]
[WhiteFideId "6346022"]
[BlackFideId "6351700"]
[EventDate "2015.08.04"]

1. e4 c6 2. Nc3 d5 3. Nf3 Bg4 4. Be2 e6 5. d4 Nf6 6. e5 Nfd7 7. Ng5 Bxe2 8. Qxe2
h6 9. Qh5 g6 10. Qh3 Bg7 11. Nxe6 fxe6 12. Qxe6+ Qe7 13. Qxg6+ Qf7 14. Qxf7+
Kxf7 15. f4 h5 16. f5 Nb6 17. Bg5 Na6 18. O-O Bh6 19. h4 Rag8 20. e6+ Kf8 21.
Ne2 Bxg5 22. hxg5 Nc8 23. Nf4 Ne7 24. Nh3 Nc7 25. Rf3 Nb5 26. c3 Nd6 27. f6 Nec8
28. Raf1 Ne4 29. g6 Rxg6 30. Nf4 Rg4 31. Rh3 Ng3 32. Rf2 Rxf4 33. Rxg3 Rxf2 34.
Kxf2 Rh6 35. e7+ Nxe7 36. fxe7+ Kxe7 37. Rg7+ Kd6 38. Rxb7 Rf6+ 39. Kg1 a5 40.
Ra7 Re6 41. Rxa5 Re2 42. b3 Rc2 43. c4 dxc4 44. Rxh5 cxb3 45. axb3 Rd2 46. Rh3
Rxd4 47. Kf2 Kc5 48. Rc3+ Kd5 49. Kf3 Rd1 50. Kf4 Rf1+ 51. Kg5 c5 52. g4 Kd4 53.
Rh3 Ke4 54. Kg6 Rg1 55. g5 Kf4 56. Rh4+ Ke5 57. b4 cxb4 58. Rxb4 Ke6 59. Re4+
Kd7 60. Kf6 Rf1+ 61. Kg7 Rg1 62. g6 Rg2 63. Kf7 Rf2+ 64. Kg8 Rg2 65. g7 Rg1 66.
Kf7 Rf1+ 67. Kg6 Rg1+ 68. Kf6 Rf1+ 69. Kg5 1-0

[Event "TCh-TUR Super League 2015"]
[Site "Kocaeli TUR"]
[Date "2015.08.12"]
[Round "10.3"]
[Board "1"]
[White "Mamedov, Nidjat"]
[Black "Annaberdiev, Meilis"]
[Result "0-1"]
[WhiteTitle "GM"]
[BlackTitle "IM"]
[WhiteElo "2597"]
[BlackElo "2417"]
[WhiteTeam "Calli Sports Club"]
[BlackTeam "Akdeniz Belediyesi Sports Club"]
[WhiteFideId "13400819"]
[BlackFideId "14000563"]
[EventDate "2015.08.04"]

1. e4 c5 2. Nf3 d6 3. d4 cxd4 4. Nxd4 Nf6 5. Nc3 a6 6. Be3 e5 7. Nb3 Be7 8. f3
O-O 9. Qd2 Be6 10. O-O-O a5 11. a4 Na6 12. g4 Nb4 13. g5 Nh5 14. Rg1 Rc8 15. Kb1
g6 16. Qf2 d5 17. exd5 Rxc3 18. bxc3 Nxd5 19. Kb2 Qc7 20. Rxd5 Bxd5 21. Bb6 Qd6
22. Bc5 Qc7 23. Bxe7 Qxe7 24. Bb5 Nf4 25. Rd1 Bxb3 26. Kxb3 Qxg5 27. Rd7 Ne6 28.
Bc4 Qf5 29. Rd5 Qf4 30. Rd7 Qf5 31. Rd5 Qf4 32. Rd7 Ng5 33. Bd5 e4 34. Rxb7 exf3
35. Kb2 Ne4 36. Qd4 f2 37. Bc4 Qf3 38. Rb6 Re8 39. Bf1 Qh1 40. Qd7 Rf8 0-1

[Event "TCh-TUR Super League 2015"]
[Site "Kocaeli TUR"]
[Date "2015.08.12"]
[Round "10.3"]
[Board "2"]
[White "Annaberdiyev, Babageldi"]
[Black "Ertan, Can"]
[Result "1-0"]
[WhiteTitle "FM"]
[BlackTitle "FM"]
[WhiteElo "2234"]
[BlackElo "2238"]
[WhiteTeam "Akdeniz Belediyesi Sports Club"]
[BlackTeam "Calli Sports Club"]
[WhiteFideId "14000385"]
[BlackFideId "6306330"]
[EventDate "2015.08.04"]

1. Nf3 Nf6 2. g3 d5 3. Bg2 c5 4. O-O e6 5. d3 Nc6 6. Nbd2 Be7 7. e4 O-O 8. e5
Nd7 9. Re1 Qc7 10. Qe2 b6 11. Nf1 Ba6 12. Bf4 Rac8 13. c3 b5 14. h4 c4 15. d4 b4
16. h5 bxc3 17. bxc3 Rb8 18. h6 g6 19. N1h2 Qa5 20. Qe3 Rb2 21. Ng4 Rfb8 22. Bg5
Bf8 23. Rac1 Rxa2 24. Bf6 Ne7 25. Nh4 Rbb2 26. Bg7 Rc2 27. Nf6+ Nxf6 28. exf6
Nc6 29. Bxf8 Kxf8 30. Nxg6+ Ke8 31. Nf4 Rxf2 32. Bxd5 Nd8 33. Bg2 Bb7 34. Bxb7
Nxb7 35. d5 Nc5 36. dxe6 Nxe6 37. Rb1 Qd8 38. Qe5 Ra5 39. Rb5 Rxf4 40. gxf4 Rxb5
41. Qxb5+ Kf8 42. Qb4+ Kg8 43. Qxc4 Qxf6 44. Qc8+ Nf8 45. Qg4+ Kh8 46. Qg5 Qb6+
47. Kf1 Qa6+ 48. Kf2 Qb6+ 49. Kg3 Ne6 50. Qe5+ Kg8 51. f5 1-0

[Event "TCh-TUR Super League 2015"]
[Site "Kocaeli TUR"]
[Date "2015.08.12"]
[Round "10.3"]
[Board "3"]
[White "Burcu, Cagatay"]
[Black "Dogan, Nazmi Can"]
[Result "1/2-1/2"]
[WhiteElo "2178"]
[BlackElo "2213"]
[WhiteTeam "Calli Sports Club"]
[BlackTeam "Akdeniz Belediyesi Sports Club"]
[WhiteFideId "6310630"]
[BlackFideId "6309658"]
[EventDate "2015.08.04"]

1. d4 Nf6 2. c4 g6 3. g3 Bg7 4. Bg2 O-O 5. Nf3 d6 6. Nc3 Nc6 7. O-O Bf5 8. d5
Na5 9. Nd2 c5 10. e4 Bg4 11. Qc2 a6 12. b3 b5 13. h3 Bd7 14. Bb2 Rb8 15. Rab1 e5
16. Ne2 Nh5 17. g4 Nf6 18. f4 bxc4 19. fxe5 Ne8 20. exd6 cxb3 21. Nxb3 Bxb2 22.
Nxa5 Qxa5 23. Rxb2 Rxb2 24. Qxb2 Nxd6 25. Qf6 Bb5 26. Qxd6 Bxe2 27. Rc1 c4 28.
Qf4 f6 29. Qf2 Bd3 30. Bf1 Bxe4 31. Rxc4 Bxd5 32. Rc5 Qxa2 33. Qxa2 Bxa2 34.
Bxa6 Kg7 35. Bc4 Bxc4 36. Rxc4 Ra8 37. Kg2 g5 38. Rc3 h5 39. Rc7+ Kg6 40. gxh5+
Kxh5 41. Rf7 Kg6 42. Rb7 Ra2+ 43. Kf3 Ra3+ 44. Kg2 Re3 45. Rb6 Kf5 46. Ra6 Ke5
47. Ra4 Re4 48. Ra3 f5 49. Kf3 Rd4 50. Re3+ Kd5 51. Ra3 Rf4+ 52. Kg2 Rc4 53. Rg3
Rc2+ 54. Kg1 g4 55. Ra3 Ke4 56. hxg4 f4 57. g5 f3 58. g6 Rg2+ 59. Kf1 Rxg6 60.
Kf2 Rg2+ 61. Kf1 Rb2 62. Ra8 Kd4 1/2-1/2

[Event "TCh-TUR Super League 2015"]
[Site "Kocaeli TUR"]
[Date "2015.08.12"]
[Round "10.3"]
[Board "4"]
[White "Kilic, Ihsan"]
[Black "Tasdogen, Dincer"]
[Result "0-1"]
[WhiteElo "2025"]
[BlackElo "1957"]
[WhiteTeam "Akdeniz Belediyesi Sports Club"]
[BlackTeam "Calli Sports Club"]
[WhiteFideId "6305334"]
[BlackFideId "6367097"]
[EventDate "2015.08.04"]

1. e4 c5 2. Nc3 Nc6 3. g3 g6 4. Bg2 Bg7 5. d3 e6 6. Be3 d6 7. Qd2 Nd4 8. Nd1 Nf6
9. c3 Nc6 10. h3 O-O 11. Ne2 Rb8 12. O-O Ne8 13. Bh6 Nc7 14. Bxg7 Kxg7 15. Ne3
d5 16. exd5 Nxd5 17. Rad1 Nf6 18. Qc1 Qe7 19. d4 cxd4 20. Nxd4 Nxd4 21. Rxd4 b6
22. Rfd1 Bb7 23. Qd2 Rbc8 24. Ng4 Bxg2 25. Rd7 Qxd7 26. Qh6+ Kh8 27. Rxd7 Nxd7
28. Kxg2 f5 29. Nh2 Kg8 30. Qd2 Rcd8 31. Qe2 Rde8 32. Nf3 Kg7 33. b4 e5 34. Qa6
f4 35. Qxa7 Rf7 36. Ng5 Rfe7 37. Qa6 fxg3 38. Kxg3 e4 39. f3 e3 40. Qe2 Nf6 41.
c4 Rd8 42. Ne4 Nh5+ 43. Kh4 Rf8 44. Nf2 h6 45. Nd3 Nf4 46. Qb2+ Kh7 47. Ne1 Nh5
48. Nd3 e2 49. Qd2 e1=Q+ 50. Nxe1 Rf4+ 51. Qxf4 Nxf4 52. Nc2 Re2 53. Nd4 Rg2 0-1

[Event "TCh-TUR Super League 2015"]
[Site "Kocaeli TUR"]
[Date "2015.08.12"]
[Round "10.3"]
[Board "5"]
[White "Mammadova, Gulnar"]
[Black "Yordanova, Svetla"]
[Result "0-1"]
[WhiteTitle "WGM"]
[BlackTitle "WIM"]
[WhiteElo "2313"]
[BlackElo "2131"]
[WhiteTeam "Calli Sports Club"]
[BlackTeam "Akdeniz Belediyesi Sports Club"]
[WhiteFideId "13403508"]
[BlackFideId "2905108"]
[EventDate "2015.08.04"]

1. e4 e5 2. Nf3 Nc6 3. Bb5 a6 4. Bxc6 dxc6 5. O-O Bg4 6. h3 h5 7. d3 Qf6 8. Be3
Ne7 9. Nbd2 Ng6 10. hxg4 hxg4 11. Bg5 Qe6 12. Nh2 g3 13. fxg3 Bc5+ 14. Kh1 f6
15. Bh4 Nxh4 16. gxh4 Rxh4 17. Nf3 Rh6 18. Ng1 O-O-O 19. Nh3 Kb8 20. Qg4 Qe7 21.
Rf3 Rdh8 22. Rg3 R8h7 23. Rf1 Qd8 24. c3 Rh4 25. Qf3 Qh8 26. Rg4 R4h6 27. b4 Be7
28. a3 Qg8 29. c4 Qd8 30. Qe3 a5 31. Rb1 g6 32. c5 f5 33. exf5 gxf5 34. Rc4 Qd5
35. Nf3 Rxh3+ 36. gxh3 Rxh3+ 37. Kg2 f4 38. Rxf4 exf4 39. Qxf4 Rxf3 0-1

[Event "TCh-TUR Super League 2015"]
[Site "Kocaeli TUR"]
[Date "2015.08.12"]
[Round "10.3"]
[Board "6"]
[White "Ozer, Omer Faruk"]
[Black "Caliskan, Kerem"]
[Result "1-0"]
[WhiteElo "2067"]
[BlackElo "1758"]
[WhiteTeam "Akdeniz Belediyesi Sports Club"]
[BlackTeam "Calli Sports Club"]
[WhiteFideId "6354564"]
[BlackFideId "6310699"]
[EventDate "2015.08.04"]

1. e4 e5 2. Nc3 Nf6 3. g3 d5 4. exd5 Nxd5 5. Bg2 Nxc3 6. bxc3 Nc6 7. Nf3 Bd6 8.
O-O O-O 9. d3 Bg4 10. h3 Bh5 11. Rb1 Rb8 12. Re1 Re8 13. g4 Bg6 14. Ng5 Qd7 15.
Be3 a6 16. Ne4 b6 17. h4 f6 18. h5 Bxe4 19. Bxe4 Bc5 20. Qf3 Ne7 21. Bxc5 bxc5
22. Kh1 Qd6 23. Rb3 Rb6 24. Rg1 Rd8 25. c4 Rf8 26. Qg2 Kh8 27. Qg3 Nc6 28. c3
Nd8 29. Rxb6 cxb6 30. Qf3 Ne6 31. Qf5 Ng5 32. Bd5 Rd8 33. Re1 1-0

[Event "TCh-TUR Super League 2015"]
[Site "Kocaeli TUR"]
[Date "2015.08.12"]
[Round "10.3"]
[Board "7"]
[White "Saba, Zafer Rabin"]
[Black "Acar, Utku Cengiz"]
[Result "0-1"]
[WhiteElo "1989"]
[BlackElo "1930"]
[WhiteTeam "Calli Sports Club"]
[BlackTeam "Akdeniz Belediyesi Sports Club"]
[WhiteFideId "6329500"]
[BlackFideId "6358900"]
[EventDate "2015.08.04"]

1. d4 Nf6 2. Nf3 g6 3. c4 Bg7 4. g3 O-O 5. Bg2 d6 6. O-O Nbd7 7. Nc3 e5 8. Qc2
c6 9. Rd1 Qe7 10. e4 exd4 11. Nxd4 Nc5 12. Bf4 Ne8 13. Nb3 Be6 14. Nxc5 dxc5 15.
Ne2 f5 16. exf5 Bxf5 17. Qd2 Qf7 18. Rac1 Nc7 19. Be3 Ne6 20. b3 Rad8 21. Qe1
Rxd1 22. Rxd1 Bg4 23. h3 Bxe2 24. Qxe2 Nd4 25. Qg4 Re8 26. Be4 Re6 27. Bd3 Be5
28. h4 h5 29. Qh3 Nf3+ 30. Kg2 Bd4 31. Bf4 Ne5 32. Re1 Ng4 33. Rf1 Qe7 34. Bg5
Qe8 35. f3 Ne3+ 36. Bxe3 Rxe3 37. Be4 Kg7 38. g4 Re2+ 39. Kh1 Qe6 40. Qg3 Be5
41. f4 Rxe4 42. fxe5 Qxg4 43. Qxg4 Rxg4 44. e6 Rxh4+ 45. Kg2 Re4 46. Rf7+ Kh6
47. Rxb7 Rxe6 48. Rxa7 Kg5 49. a4 Kg4 50. a5 Re2+ 51. Kf1 Ra2 52. a6 h4 53. Rg7
g5 54. a7 h3 55. Kg1 Kh4 56. Rh7+ Kg3 57. Kf1 h2 58. Rh5 g4 59. Rh7 Ra1+ 60. Ke2
Kg2 0-1

[Event "TCh-TUR Super League 2015"]
[Site "Kocaeli TUR"]
[Date "2015.08.12"]
[Round "10.3"]
[Board "8"]
[White "Temel, Burcu Melis"]
[Black "Uzun, Belemir"]
[Result "1-0"]
[WhiteTitle "WCM"]
[WhiteElo "1878"]
[BlackElo "1682"]
[WhiteTeam "Akdeniz Belediyesi Sports Club"]
[BlackTeam "Calli Sports Club"]
[WhiteFideId "6345492"]
[BlackFideId "6365655"]
[EventDate "2015.08.04"]

1. d4 f5 2. Nc3 d5 3. g3 c6 4. Bg2 Nf6 5. Nf3 e6 6. O-O Be7 7. a3 O-O 8. Rb1 Qe8
9. b4 Nbd7 10. Na4 Ne4 11. Qd3 Qh5 12. Ne5 Bf6 13. Nxd7 Bxd7 14. Nc5 Bc8 15. f3
Nd6 16. Bf4 Nf7 17. c4 g5 18. Bd2 Nd6 19. cxd5 exd5 20. a4 Qg6 21. Kh1 h5 22. b5
Rf7 23. bxc6 bxc6 24. Rb3 Rh7 25. Rfb1 Qg7 26. Rb8 Rxb8 27. Rxb8 Kf7 28. Ra8 Kg6
29. Bc3 Rh8 30. Rb8 Qc7 31. Rb4 Re8 32. Rb2 Nc4 33. Rb4 Re3 34. Qc2 Qe7 35. Bf1
Nb6 36. Bd2 Ra3 37. Bc1 Rxf3 38. exf3 Qe1 39. Kg2 Qxb4 40. Bb2 Bxd4 41. Nd3 Nc4
42. Bxd4 Qe7 43. Qe2 Qxe2+ 44. Bxe2 a5 45. Nc5 Nb6 46. Bc3 Nd7 47. Nxd7 Bxd7 48.
Bxa5 c5 49. Bb5 Bc8 50. Bb6 c4 51. Bd4 Kf7 52. a5 Bb7 53. a6 Ba8 54. Bd7 Kg6 55.
Bc8 1-0

[Event "TCh-TUR Super League 2015"]
[Site "Kocaeli TUR"]
[Date "2015.08.12"]
[Round "10.4"]
[Board "1"]
[White "Komut, Kaan"]
[Black "Sanal, Vahap"]
[Result "0-1"]
[BlackTitle "IM"]
[WhiteElo "1919"]
[BlackElo "2510"]
[WhiteTeam "Pamukkale Yonetimi Bilisim Sistemleri Zeka"]
[BlackTeam "Deniz Su Aquamatch Satranc Genclik Ve Sports Club"]
[WhiteFideId "6309992"]
[BlackFideId "6300545"]
[EventDate "2015.08.04"]

1. e4 g6 2. d4 Bg7 3. Be3 d6 4. Qd2 Nd7 5. Nc3 a6 6. h4 h5 7. a4 b6 8. Nf3 c5 9.
Bc4 e6 10. O-O Ngf6 11. dxc5 Nxc5 12. Bxc5 dxc5 13. Qxd8+ Kxd8 14. Ne5 Ke7 15.
Rad1 Bb7 16. Rd3 Rhd8 17. Rfd1 Rxd3 18. Rxd3 Rc8 19. f3 Rc7 20. Rd2 Ne8 21. f4
Nd6 22. Be2 c4 23. Bf3 Bxe5 24. fxe5 Ne8 25. Kf2 Rc5 0-1

[Event "TCh-TUR Super League 2015"]
[Site "Kocaeli TUR"]
[Date "2015.08.12"]
[Round "10.4"]
[Board "2"]
[White "Erdogdu, Mert"]
[Black "Yurtsever, Senel"]
[Result "1-0"]
[WhiteTitle "IM"]
[WhiteElo "2419"]
[BlackElo "1843"]
[WhiteTeam "Deniz Su Aquamatch Satranc Genclik Ve Sports Club"]
[BlackTeam "Pamukkale Yonetimi Bilisim Sistemleri Zeka"]
[WhiteFideId "6301495"]
[BlackFideId "6390005"]
[EventDate "2015.08.04"]

1. c4 c6 2. Nf3 d5 3. d4 Nf6 4. Nbd2 e6 5. g3 Bd6 6. Bg2 Nbd7 7. O-O O-O 8. Qc2
Re8 9. Rd1 Nf8 10. e4 dxe4 11. Nxe4 Nxe4 12. Qxe4 Qf6 13. Ne5 Bxe5 14. dxe5 Qf5
15. Qe2 Ng6 16. f4 Ne7 17. Be4 Qh3 18. Bf3 Nf5 19. Be3 g6 20. Bf2 Qh6 21. Rd3
Qf8 22. g4 Ng7 23. Rad1 Qe7 24. Qd2 Qc7 25. Rd6 h6 26. Bh4 Kh7 27. Bd8 Qb8 28.
Bf6 Qc7 29. Be4 Rg8 30. Qf2 Qa5 31. R6d3 Ne8 32. Rh3 Nxf6 33. exf6 Rd8 34. Rxh6+
Kg8 35. Re1 1-0

[Event "TCh-TUR Super League 2015"]
[Site "Kocaeli TUR"]
[Date "2015.08.12"]
[Round "10.4"]
[Board "3"]
[White "Erkan, Basar"]
[Black "Citak, Selim"]
[Result "1/2-1/2"]
[BlackTitle "FM"]
[WhiteElo "1668"]
[BlackElo "2327"]
[WhiteTeam "Pamukkale Yonetimi Bilisim Sistemleri Zeka"]
[BlackTeam "Deniz Su Aquamatch Satranc Genclik Ve Sports Club"]
[WhiteFideId "6349790"]
[BlackFideId "6301819"]
[EventDate "2015.08.04"]

1. d4 d5 2. Nf3 Bg4 3. Ne5 Bh5 4. g4 Bg6 5. Nxg6 hxg6 6. Bf4 Nf6 7. e3 e6 8. Bg2
Bd6 9. Qf3 Ne4 10. Nc3 Bb4 11. O-O Bxc3 12. bxc3 Nd2 13. Qg3 Nxf1 14. Rxf1 Qh4
15. Qf3 O-O 16. Bg3 Qe7 17. c4 Rd8 18. h4 c6 19. c5 b6 20. c3 bxc5 21. h5 Nd7
22. hxg6 fxg6 23. g5 Rf8 24. Qg4 e5 25. Bh3 Rf7 26. Rb1 Rb8 27. Rxb8+ Nxb8 28.
dxe5 Rf5 29. e6 d4 30. cxd4 c4 31. Qh4 c3 32. Bxf5 gxf5 33. Qf4 Na6 34. Qxf5 Nb4
35. Bf4 c2 36. e4 Qf8 37. Qg4 Nd3 38. e7 Qxe7 39. Qc8+ Qf8 40. Qe6+ Qf7 41. Qc8+
Kh7 1/2-1/2

[Event "TCh-TUR Super League 2015"]
[Site "Kocaeli TUR"]
[Date "2015.08.12"]
[Round "10.4"]
[Board "6"]
[White "Eden, Yagiz"]
[Black "Oz, Ozan"]
[Result "1-0"]
[WhiteElo "1862"]
[BlackElo "1807"]
[WhiteTeam "Deniz Su Aquamatch Satranc Genclik Ve Sports Club"]
[BlackTeam "Pamukkale Yonetimi Bilisim Sistemleri Zeka"]
[WhiteFideId "6325459"]
[BlackFideId "6349188"]
[EventDate "2015.08.04"]

1. e4 e6 2. Qe2 d5 3. exd5 Qxd5 4. Nc3 Qa5 5. Nf3 Bd7 6. Ne5 Nf6 7. g3 Bd6 8.
Nxd7 Nbxd7 9. Bg2 c6 10. d3 h5 11. h4 Nd5 12. O-O O-O-O 13. Ne4 Bb8 14. Bd2 Qb6
15. c4 N5f6 16. Be3 Qc7 17. Ng5 Nf8 18. b4 Ng6 19. f4 Ng4 20. b5 c5 21. a4 Rhf8
22. Kh1 Ne7 23. Ne4 Nf5 24. Bf2 Rd7 25. a5 b6 26. a6 Kd8 27. Rad1 Ke7 28. Nc3
Kf6 29. Bf3 Nxf2+ 30. Qxf2 g6 31. Kg2 Rfd8 32. Be4 Rd4 33. Ne2 R4d6 34. Bxf5
gxf5 35. Qf3 Kg6 36. Rd2 Qe7 37. Rfd1 f6 38. d4 e5 39. fxe5 fxe5 40. Qe3 R6d7
41. dxc5 Rxd2 42. Rxd2 Rxd2 43. Qxd2 bxc5 44. Nc3 Kh7 45. Nd5 Qf7 46. Qg5 f4 47.
Nf6+ 1-0

[Event "TCh-TUR Super League 2015"]
[Site "Kocaeli TUR"]
[Date "2015.08.12"]
[Round "10.4"]
[Board "8"]
[White "Menzi, Nezihe Ezgi"]
[Black "Celik, Eda"]
[Result "1-0"]
[WhiteTitle "WFM"]
[WhiteElo "1913"]
[BlackElo "1656"]
[WhiteTeam "Deniz Su Aquamatch Satranc Genclik Ve Sports Club"]
[BlackTeam "Pamukkale Yonetimi Bilisim Sistemleri Zeka"]
[WhiteFideId "6310060"]
[BlackFideId "6351727"]
[EventDate "2015.08.04"]

1. e4 e5 2. Nf3 Nc6 3. Bb5 a6 4. Ba4 Nf6 5. O-O Be7 6. Re1 b5 7. Bb3 d6 8. c3
O-O 9. h3 Na5 10. Bc2 c5 11. d4 Qc7 12. d5 Bd7 13. b3 Nb7 14. Bg5 c4 15. b4 a5
16. Nbd2 Ra6 17. a3 Rfa8 18. Rc1 axb4 19. axb4 Qd8 20. Nf1 Nh5 21. Be3 g6 22.
Kh2 Ra3 23. Bb1 Qf8 24. Qd2 f6 25. g4 Ng7 26. Ng3 Nd8 27. Rg1 Nf7 28. Rg2 Qb8
29. Rcg1 Ra1 30. Nf5 Nxf5 31. gxf5 g5 32. h4 h6 33. hxg5 hxg5 34. Nxg5 Nxg5 35.
Bxg5 Kf7 36. Bh6 Bf8 37. Rg7+ Ke8 38. Rg8 Kf7 39. Bxf8 Qxf8 40. Rxf8+ Rxf8 41.
Qh6 Raa8 42. Bc2 Rab8 43. Bd1 Ke7 44. Bh5 1-0

[Event "TCh-TUR Super League 2015"]
[Site "Kocaeli TUR"]
[Date "2015.08.12"]
[Round "10.5"]
[Board "2"]
[White "Amonatov, Farrukh"]
[Black "Ipatov, Alexander"]
[Result "1/2-1/2"]
[WhiteTitle "GM"]
[BlackTitle "GM"]
[WhiteElo "2592"]
[BlackElo "2621"]
[WhiteTeam "Hatay Buyuksehir Belediyesi Genclik Sports Club"]
[BlackTeam "Istanbul Technical University Sports Club"]
[WhiteFideId "14700077"]
[BlackFideId "14116731"]
[EventDate "2015.08.04"]

1. d4 Nf6 2. c4 e6 3. Nf3 d5 4. Nc3 c5 5. cxd5 Nxd5 6. e4 Nxc3 7. bxc3 cxd4 8.
cxd4 Bb4+ 9. Bd2 Bxd2+ 10. Qxd2 O-O 11. Bc4 b6 12. O-O Nd7 13. Rad1 Bb7 14. Rfe1
Rc8 15. Bb3 Qe7 16. Qf4 Qf6 17. Qe3 Rfd8 18. Rd2 Nf8 19. Red1 Ng6 20. d5 exd5
21. Bxd5 Bxd5 22. Rxd5 Nf4 23. Rxd8+ Rxd8 24. Rxd8+ 1/2-1/2

[Event "TCh-TUR Super League 2015"]
[Site "Kocaeli TUR"]
[Date "2015.08.12"]
[Round "10.5"]
[Board "3"]
[White "Bortnyk, Olexandr"]
[Black "Gulbas, Cemil"]
[Result "1-0"]
[WhiteTitle "IM"]
[BlackTitle "IM"]
[WhiteElo "2553"]
[BlackElo "2377"]
[WhiteTeam "Istanbul Technical University Sports Club"]
[BlackTeam "Hatay Buyuksehir Belediyesi Genclik Sports Club"]
[WhiteFideId "14120828"]
[BlackFideId "201820"]
[EventDate "2015.08.04"]

1. e4 c5 2. c3 Nf6 3. e5 Nd5 4. d4 cxd4 5. Nf3 e6 6. cxd4 d6 7. Bc4 Nb6 8. Bd3
Bd7 9. O-O Bc6 10. Nc3 a6 11. Re1 Bxf3 12. Qxf3 d5 13. a3 Nc6 14. Ne2 Qd7 15. b3
O-O-O 16. Bd2 Kb8 17. Rec1 Rc8 18. h4 f6 19. exf6 gxf6 20. Qxf6 Bg7 21. Qf4+ e5
22. Qg3 Rce8 23. Bxa6 bxa6 24. Rxc6 Qxc6 25. Qxg7 Rhg8 26. Qxh7 Rh8 27. Qf5 Rhf8
28. Qg4 Qc2 29. Be3 Rg8 30. Bg5 Qb2 31. Rc1 Kb7 32. dxe5 Rxe5 33. Qf4 Rgxg5 34.
Qf7+ Ka8 35. Rc7 Qb1+ 36. Kh2 Rxg2+ 37. Kxg2 Qe4+ 38. Kg1 1-0

[Event "TCh-TUR Super League 2015"]
[Site "Kocaeli TUR"]
[Date "2015.08.12"]
[Round "10.5"]
[Board "4"]
[White "Buyukasik, Diyap"]
[Black "Erdogan, Hakan"]
[Result "1-0"]
[BlackTitle "FM"]
[WhiteElo "2074"]
[BlackElo "2200"]
[WhiteTeam "Hatay Buyuksehir Belediyesi Genclik Sports Club"]
[BlackTeam "Istanbul Technical University Sports Club"]
[WhiteFideId "6319602"]
[BlackFideId "6300359"]
[EventDate "2015.08.04"]

1. Nf3 d5 2. g3 c5 3. Bg2 Nc6 4. d4 Nf6 5. O-O cxd4 6. Nxd4 e5 7. Nxc6 bxc6 8.
c4 Be6 9. Nc3 Qd7 10. Qa4 h6 11. cxd5 cxd5 12. Qxd7+ Kxd7 13. Rd1 Kc6 14. Be3
Bb4 15. Rac1 Bxc3 16. Rxc3+ Kd6 17. Rdc1 Rhb8 18. Rc7 Nd7 19. b3 g5 20. Bxa7 Rb5
21. b4 e4 22. R1c6+ Ke5 23. a3 Nb8 24. Bxb8 Rbxb8 25. Rc3 d4 26. R3c5+ Kf6 27.
Bxe4 Rxa3 28. f4 Re3 29. Bd3 gxf4 30. gxf4 Rg8+ 31. Kf2 Rh3 32. R5c6 Rxh2+ 33.
Ke1 Rg1+ 34. Kd2 Rf2 35. f5 Rxf5 36. Bxf5 Kxf5 37. b5 Rb1 38. b6 h5 39. Rc5+ Kg4
40. b7 h4 41. Rc1 Rb2+ 42. Kd3 h3 43. Kxd4 h2 44. Rc8 Rxb7 45. Rg8+ Kh4 46. Rh1
Rb4+ 47. Ke3 Bg4 48. Rxh2+ Kg3 49. Rh1 Rb3+ 50. Kd4 f5 51. Rf1 Rb4+ 52. Kc3 Rb5
53. e4 Kh2 54. Rg5 Kh3 55. exf5 Kh4 56. Rxg4+ 1-0